000 00694nam a2200193 i 4500
001 22292
003 ES-MaACL
005 20240127062956.0
007 t|
008 021202s1869 it ||||1| ita d
100 0 _aDante Alighieri,
_d1265-1321
_942657
245 1 3 _aLa divina commedia /
_cdi Dante Alighieri ; illustrata da Gustavo Doré ; e dichiarata con note tratte dai migliori commentiper cura di Eugenio Camerini.
260 _aMilano :
_bEdoardo Sonzogno,
_c1869.
300 _a3 v., 135 lám. ;
_c42 cm.
700 1 _aDoré, Gustave.
_945388
700 1 _aCamerini, Eugenio.
_934055
852 _aES-MaACL
_jC-2199-2201
_z- Enc. con otras obras
999 _c22292
_d22292